00282nam a2200133Ia 45000030006000000080041000060400015000471000014000622450024000762500010001002600009001105460012001190050017001310STCL150530s9999 xx 000 0 und d aSTCLcSTCL aJuffe, B. aOutposts of science aSixth c1935 aEnglish20220125170101.0